Ocean studies : (Record no. 5084)

MARC details
000 -LEADER
fixed length control field 01759cam a22004455a 4500
001 - CONTROL NUMBER
control field 17589869
003 - CONTROL NUMBER IDENTIFIER
control field mut
005 - DATE AND TIME OF LATEST TRANSACTION
control field 20240606080949.0
008 - FIXED-LENGTH DATA ELEMENTS--GENERAL INFORMATION
fixed length control field 130114s2011 mauab 001 0 eng d
010 ## - LIBRARY OF CONGRESS CONTROL NUMBER
LC control number 2012472626
020 ## - INTERNATIONAL STANDARD BOOK NUMBER
International Standard Book Number 1878220489
020 ## - INTERNATIONAL STANDARD BOOK NUMBER
International Standard Book Number 9781878220486
035 ## - SYSTEM CONTROL NUMBER
System control number (OCoLC)ocn747950361
040 ## - CATALOGING SOURCE
Original cataloging agency LCE
Transcribing agency LCE
Modifying agency DLC
042 ## - AUTHENTICATION CODE
Authentication code lccopycat
050 00 - LIBRARY OF CONGRESS CALL NUMBER
Classification number GC11.2
Item number .M66 2011
082 00 - DEWEY DECIMAL CLASSIFICATION NUMBER
Classification number 551.46
Edition information 23
100 1# - MAIN ENTRY--PERSONAL NAME
Personal name Moran, Joseph M.
245 10 - TITLE STATEMENT
Title Ocean studies :
Remainder of title introduction to oceanography /
246 30 - VARYING FORM OF TITLE
Title proper/short title Introduction to oceanography
250 ## - EDITION STATEMENT
Edition statement 3rd ed.
260 ## - PUBLICATION, DISTRIBUTION, ETC.
Place of publication, distribution, etc. Boston, MA :
Name of publisher, distributor, etc. Education Program, American Meteorological Society,
Date of publication, distribution, etc. c2011.
300 ## - PHYSICAL DESCRIPTION
Extent xvi, 522 p. :
Other physical details ill. (some col.), col. maps ;
Dimensions 28 cm.
500 ## - GENERAL NOTE
General note Includes index and glossary.
500 ## - GENERAL NOTE
General note "The American Meteorological Society Education Program"--T.p. verso.
500 ## - GENERAL NOTE
General note "The first edition of book was published under the title: Online Ocean Studies"--T.p. verso.
500 ## - GENERAL NOTE
General note Accompanied by: AMS ocean studies, investigations manual, 2011 - 2012 & summer 2012.
650 #0 - SUBJECT ADDED ENTRY--TOPICAL TERM
Topical term or geographic name entry element Oceanography
Form subdivision Textbooks.
650 #0 - SUBJECT ADDED ENTRY--TOPICAL TERM
Topical term or geographic name entry element Marine biology
General subdivision Study and teaching.
650 #0 - SUBJECT ADDED ENTRY--TOPICAL TERM
Topical term or geographic name entry element Ocean circulation
General subdivision Study and teaching.
650 #0 - SUBJECT ADDED ENTRY--TOPICAL TERM
Topical term or geographic name entry element Ocean currents
General subdivision Study and teaching.
650 #0 - SUBJECT ADDED ENTRY--TOPICAL TERM
Topical term or geographic name entry element Ocean-atmosphere interaction
General subdivision Study and teaching.
650 #0 - SUBJECT ADDED ENTRY--TOPICAL TERM
Topical term or geographic name entry element Marine meteorology
General subdivision Study and teaching.
650 #0 - SUBJECT ADDED ENTRY--TOPICAL TERM
Topical term or geographic name entry element Marine ecology
General subdivision Study and teaching.
650 #0 - SUBJECT ADDED ENTRY--TOPICAL TERM
Topical term or geographic name entry element Climatic changes
General subdivision Study and teaching.
710 2# - ADDED ENTRY--CORPORATE NAME
Corporate name or jurisdiction name as entry element American Meteorological Society.
906 ## - LOCAL DATA ELEMENT F, LDF (RLIN)
a 7
b cbc
c copycat
d 2
e ncip
f 20
g y-gencatlg
942 ## - ADDED ENTRY ELEMENTS (KOHA)
Source of classification or shelving scheme Library of Congress Classification
Koha item type Books
Holdings
Withdrawn status Lost status Source of classification or shelving scheme Damaged status Not for loan Home library Current library Date acquired Total checkouts Full call number Barcode Date last seen Price effective from Koha item type
    Library of Congress Classification     Murang'a University of Technology Library Murang'a University of Technology Library 07/02/2017   GC11.2 .M66 2011 005361 30/08/2024 07/02/2017 Books